Las ochos ligas mas valiosas de América - Estadísticas

Estadísticas generales
  • Esta prueba ha sido intentada 55 veces
  • La puntuación promedio es 8 de 8
Estadísticas de respuestas
Total del valor Liga % Correcto
850.13 millones de euros Liga MX / México
100%
157.29 millones de euros Primera División / Uruguay
100%
1.46 mil millones de euros Série A / Brasil
100%
238.82 millones de euros Liga Dimayor I / Colombia
98%
843.95 millones de euros Liga Profesional / Argentina
98%
1.18 mil millones de euros MLS / Estados Unidos
98%
178.28 millones de euros Primera División / Chile
98%
163.53 millones de euros Serie A / Ecuador
96%
No se encontraron pruebas coincidentes
Distribución de puntuación
Porcentaje de gente con cada puntuación
Porcentaje por número respondido
Historial de tus puntuaciones
No has intentado esta prueba.